000 00491nam a2200193Ia 4500
005 20240823035301.0
008 240823s9999||||xx |||||||||||||| ||und||
020 _a978-93-5029-150-4
041 _aENGLISH
082 _A339.46095484 Q2
100 _aSumita Dawra
245 0 _aPoor But Spirited in Karimnagar field Noted of a Civil Servant
250 _a1st
260 _c2012
_bThe India Today
500 _aYES
650 _aKarimnagar
_bGeneral
942 _cBK
999 _c200318
_d200318